000 00555nam a2200205Ia 4500
005 20250326144627.0
008 250326s9999 xx 000 0 und d
020 _a978-0-19-958247-1
037 _aTextbook
040 _aFMSL
_beng
_cFMSL
041 _aeng
_2eng
084 _aX:74 P9
_qFMSL
100 _aConway S
_9749951
245 0 _aManaging and shaping innovation
_cConway S; Steward F
260 _aNew Delhi
_bNew Delhi, Oxford
_c2009
300 _axx,478
365 _b395
942 _cTB
_hX:74 P9
999 _c1304378
_d1304378